000
00271nam a2200097Ia 4500
008
220204s9999 xx 000 0 und d
082
_a
340
_b
IND.2;1
245
0
_a
Fundamental rules and the supplementary rules
260
_a
Delhi
_b
Manager of Publications
_c
1954
942
_c
BK
999
_c
20125
_d
20125